000 00504nam a2200205Ia 4500
003 GCL
008 140319s9999 xx 000 0 eng d
040 _aGCL /
_cGCL
082 0 4 _a792.0222
_bC A
100 1 _aCASSIN - SCOTT, JACK
245 1 0 _aAMATEUR DRAMATICS /
_cCASSIN - SCOTT, JACK
260 _a[S.N] :
_bCASSELL ،
_c1992
300 _a144 P
650 0 4 _aARTS
650 0 4 _aTHEATER
650 0 4 _aMAKE UP
650 0 4 _aAMATEUR THEATER
650 0 4 _aLIGHTING - THEATER
942 _2ddc
_cBK
999 _c15682
_d15682